000 00656nam a2200181Ia 4500
008 100921s9999 xx 000 0 und d
082 _b29513
_a808.068 थ 95
100 _aसोवनी मधुकर विष्णु.
245 _aगनिमी कावा-2.
260 _bपूर्वा प्रकाशन, पुणे.
_c1995
300 _a32
_bशब्दवेध,पुणे.
365 _b12
520 _aललित-बालवाङ्रमय.
630 _aगनिमी कावा-2.
650 _aललित-बालवाङ्रमय.
730 _aगनिमी कावा-2.
942 _cBOOK
999 _c778626
_d778623